LIDAR wind speed measurement analysis and feed-forward blade pitch control for load mitigation in wind turbines : January 2010 - January 2011 /

Bibliographic Details
Main Author: Dunne, F.
Corporate Author: National Renewable Energy Laboratory (U.S.)
Other Authors: Simley, E., Pao, L. Y.
Format: Government Document eBook
Language:English
Published: Golden, Colo. : National Renewable Energy Laboratory, [2011]
Series:NREL/SR ; 5000-52098.
Subjects:
Online Access:https://purl.fdlp.gov/GPO/gpo16313

MARC

Tag First Indicator Second Indicator Subfields
LEADER 00000cam a2200000Ia 4500
001 in00002740413
005 20211120163654.0
006 m d f
007 cr cn|||||||||
008 111212s2011 coua obt f000 0 eng d
035 |a (OCoLC)ocn768126154 
040 |a GPO  |c GPO  |d MvI  |d UtOrBLW 
049 |a WWW 
074 |a 0430-P-05 (online) 
086 0 |a E 9.18:NREL/SR-5000-52098 
100 1 |a Dunne, F. 
245 1 0 |a LIDAR wind speed measurement analysis and feed-forward blade pitch control for load mitigation in wind turbines :  |b January 2010 - January 2011 /  |c F. Dunne, E. Simley, and L.Y. Pao. 
246 3 |a Light Detection and Ranging wind speed measurement analysis and feed-forward blade pitch control for load mitigation in wind turbines 
264 1 |a Golden, Colo. :  |b National Renewable Energy Laboratory,  |c [2011] 
300 |a 1 online resource (53 pages) :  |b illustrations (chiefly color). 
336 |a text  |b txt  |2 rdacontent 
337 |a computer  |b c  |2 rdamedia 
338 |a online resource  |b cr  |2 rdacarrier 
490 1 |a NREL/SR ;  |v 5000-52098 
513 |a Subcontract report. 
500 |a Title from title screen (viewed on Dec. 12, 2011). 
500 |a "October 2011." 
500 |a "Prepared under Subcontract No(s). XEE-9-99404-01." 
504 |a Includes bibliographical references (pages 50-52). 
536 |b DE-AC36-08GO28308 
500 |a Electronic resource. 
650 0 |a Winds  |x Speed  |x Measurement. 
650 0 |a Wind-pressure. 
650 0 |a Wind turbines. 
700 1 |a Simley, E. 
700 1 |a Pao, L. Y. 
710 2 |a National Renewable Energy Laboratory (U.S.) 
830 0 |a NREL/SR ;  |v 5000-52098. 
856 4 0 |u https://purl.fdlp.gov/GPO/gpo16313  |t 0 
999 |a MARS 
999 f f |s 606e9bbd-7a50-304e-bf04-0dd20bd5af7b  |i 1ded2600-b542-3e75-9d20-48c48d91dbe3  |t 0 
952 f f |a Texas A&M University  |b College Station  |c Electronic Resources  |d Available Online  |t 0  |e E 9.18:NREL/SR-5000-52098  |h Superintendent of Documents classification 
998 f f |a E 9.18:NREL/SR-5000-52098  |t 0  |l Available Online